Nazwy państw Europy po ich języku - Statystyki

Ogólne statystyki
  • Ten quiz został rozwiązany 147 razy
    145 od ostatniego zresetowania
  • Średni wynik to 38 z 45
Statystyki odpowiedzi
Kraj w oficjalnym języku Kraj po polsku % Poprawnych
Česko Czechy
99%
Belgique Belgia
98%
Luxembourg Luksemburg
98%
Andorra Andora
96%
Bosna i Hercegovina Bośnia i Hercegowina
96%
Lietuva Litwa
95%
Monaco Monako
93%
Suisse Szwajcaria
93%
United Kingdom Wielka Brytania
93%
Danmark Dania
92%
France Francja
92%
España Hiszpania
92%
Portugal Portugalia
92%
Россия Rosja
92%
Italia Włochy
92%
Suomi Finlandia
91%
Latvija Łotwa
91%
Moldova Mołdawia
91%
Norge Norwegia
91%
Україна Ukraina
90%
Kosovë Kosowo
87%
Malta Malta
87%
Polska Polska
87%
Österreich Austria
86%
Ireland Irlandia
86%
Ísland Islandia
86%
San Marino San Marino
86%
Liechtenstein Liechtenstein
85%
Deutschland Niemcy
85%
România Rumunia
85%
Slovensko Słowacja
85%
Slovenija Słowenia
85%
Civitas Vaticana Watykan
85%
Nederland Holandia
84%
Maqedonia e Veriut Macedonia Północna
82%
Eesti Estonia
79%
Беларусь Białoruś
75%
Sverige Szwecja
74%
Hrvatska Chorwacja
73%
България Bułgaria
71%
Magyarország Węgry
71%
Ελλάδα Grecja
67%
Србија Serbia
60%
Црна Гора Czarnogóra
57%
Shqipëria Albania
53%
Nie znaleziono quizów pasujących do podanych kryteriów
Rozkład punktacji
Procent ludzi z każdym wynikiem
Percentyl według liczby udzielonych odpowiedzi
Twoja historia wyników
Nie rozwiązałeś tego quizu od ostatniego zresetowania